000 00720nam a2200241 a 4500
008
020 _a0434901032 (pbk.)
049 _aMAIN
090 0 _aKD2100
_bBAY
100 1 0 _aBaynes, Hamilton T. A.
245 1 0 _aShare valuations /
_cHamilton T. A. Baynes.
260 0 _aLondon,
_bHeinemann,
_cc1966
300 _axviii, 206 p.
_bill. ;
_c23 cm.
440 0 _aHeinemann accountancy and administration series.
500 _aIncludes index.
504 _aIncludes bibliographical references.
650 0 _aCorporations
_xValuation.
907 _a.b10151606
_b25-04-08
_c10-02-05
003
005 20230123133923.0
040 _cNUST
942 _cBOOKS
_kKD2100
_mBAY
999 _c156917
_d156917